| 000 | 00607nam a22001937a 4500 | ||
|---|---|---|---|
| 005 | 20140808160730.0 | ||
| 010 | _aB-506337-342 | ||
| 020 |
_a9789380828831 _c345.00 |
||
| 035 | _aB-506337-342 | ||
| 037 |
_adpl _bKBD |
||
| 082 | _aS | ||
| 100 | _aPosner, Matt | ||
| 245 |
_aThe Ghost in the Crystal / _cby Matt Posner |
||
| 260 |
_aNew Delhi _bVitasta Publishing Pvt. Ltd. _c2012 |
||
| 270 |
_a2/15, Ansari Road, Daryaganj _bNew Delhi _e110002 |
||
| 300 |
_a343p. _c20cm(pbk) |
||
| 942 |
_2ddc _cEN _hS _mPOS |
||
| 999 |
_c87742 _d87742 |
||